=LDR 00000nam 2200000 4500 =001 INLIS000000000053771 =005 20230124023837 =035 ##$$a 0010-0219000028 =007 ta =008 230124###########################0###### =020 ##$$a 978-602-6800-61-9 =082 ##$$a 371.102 2 =084 ##$$a 371.102 2 JON m =100 #$$a Joni Rakhmat =245 1#$$a Model Pembelajaran Kausalitik : $b Berorientasi Penguasaan Konsep secara utuh /$c Joni Rakhmat =260 ##$$a Mataram :$b Arga Puji Press,$c 2018 =300 ##$$a 101 hlm. ; $c 23 Cm. =650 #4$$a Metode Pembelajaran -Kausalitik =990 ##$$a 31800170 =990 ##$$a 31800177